| 000 | 00573nam a2200217Ia 4500 | ||
|---|---|---|---|
| 008 | 170918s9999 xx 000 0 und d | ||
| 020 | _a9780590371282 | ||
| 050 | _bS341 1998 | ||
| 100 | _aSchlein, Miriam | ||
| 245 | _aWhat the dinosaurs saw : | ||
| 245 | _banimals living then and now / | ||
| 245 | _cby Miriam Schlein ; illustrated by Carol Schwarts. | ||
| 260 | _aNew York : | ||
| 260 | _bScholastic, | ||
| 260 | _c1998 | ||
| 300 | _aunpaged : | ||
| 300 | _bcolored illustration ; | ||
| 300 | _c23cm. | ||
| 440 | _aHello science reader! | ||
| 500 | _a480 | ||
| 999 |
_c342837 _d342837 |
||